000 00533nam a22001817a 4500
003 NUST
005 20220726104424.0
008 220726b ||||| |||| 00| 0 eng d
020 _a9780525569411
038 _aAzhar
082 _a378.73
_bPRI
100 _aThe Princeton Review
_990797
245 _aThe Complete book of colleges
_bthe mega guide to 1349 colleges and universities
_cby the staff of the Princeton Review
260 _aNew York
_bPenguin Random House
_c2020
300 _a1127p
563 _aPB
942 _2ddc
_cLC
999 _c590629
_d590629